000 00659nam a2200289Ia 4500
005 20260324140443.0
008 008 260324s9999 xx 000 0 eng d
020 _a9781003060055
037 _aEBOOK
040 _aCRL
040 _beng
040 _cCRL
041 _2eng
041 _aeng
084 _qCRL
100 _aPeter James
_9344693
245 0 _aModern Germany
245 0 _bPolitics, Society and Culture
260 _bTaylor and Francis
260 _c1998
365 _a
365 _b245
856 _uhttp://www.taylorfrancis.com/books/9781003060055
942 _cEBOOK
999 _c1806556
_d1806556